| 000 | 00488nam a22001697a 4500 | ||
|---|---|---|---|
| 999 |
_c12036 _d12036 |
||
| 008 | 220228b 2016 ||||| |||| 00| 0 eng d | ||
| 020 | _a9788182748637 | ||
| 082 |
_a327.103 _bKHU |
||
| 100 | _aKhurana, Gurpreet S. | ||
| 245 | _aPORTOHOLE : geopolitical, strategic and maritime terms and concepts | ||
| 260 |
_aNew Delhi _bPentagon press _c2016 |
||
| 300 | _axxiii, 220p. | ||
| 650 | _aAmphibious Operation | ||
| 650 | _aBoarding operation | ||
| 650 | _aLand attack | ||
| 942 | _cBK | ||